<?xml version="1.0" encoding="UTF-8"?>
<collection xmlns="http://www.loc.gov/MARC21/slim">
 <record>
  <leader>00376pamaa2200145   4500</leader>
  <controlfield tag="001">0000024961</controlfield>
  <controlfield tag="005">20060524090000.0</controlfield>
  <datafield tag="020" ind1="0" ind2="0">
   <subfield code="a">0900918160 </subfield>
  </datafield>
  <datafield tag="082" ind1=" " ind2=" ">
   <subfield code="a">963.5 POO 1982</subfield>
  </datafield>
  <datafield tag="090" ind1="0" ind2="0">
   <subfield code="a">DT394 </subfield>
   <subfield code="b">POO 1982</subfield>
  </datafield>
  <datafield tag="100" ind1="1" ind2="0">
   <subfield code="a">POOL </subfield>
  </datafield>
  <datafield tag="245" ind1="1" ind2="0">
   <subfield code="a">Eritrea-Africa's longest war  </subfield>
   <subfield code="c">David Pool.</subfield>
  </datafield>
  <datafield tag="260" ind1="0" ind2="0">
   <subfield code="a">London: </subfield>
   <subfield code="b">Anti-Slavery Society, </subfield>
   <subfield code="c">1982.</subfield>
  </datafield>
  <datafield tag="300" ind1=" " ind2=" ">
   <subfield code="a">79p.; </subfield>
   <subfield code="c">21cm.</subfield>
  </datafield>
  <datafield tag="650" ind1="0" ind2="0">
   <subfield code="a">Eritrea -- </subfield>
   <subfield code="x">History </subfield>
  </datafield>
 </record>
</collection>
